书目信息 |
| 题名: |
Python基础教程
|
|
| 作者: | 海特兰德 著 ;袁国忠 译 | |
| 分册: | ||
| 出版信息: | 北京 人民邮电出版社 2018 |
|
| 页数: | 458页 | |
| 开本: | 24cm | |
| 丛书名: | 图灵程序设计丛书 | |
| 单 册: | ||
| 中图分类: | TP311.56 , TP312PY | |
| 科图分类: | ||
| 主题词: | 软件工具--ruan jian gong ju--程序设计--教材 | |
| 电子资源: | ||
| ISBN: | 978-7-115-47488-9 | |
| 000 | 01625cam 2200373 450 | |
| 001 | 012001002380 | |
| 005 | 20191121143351.37 | |
| 010 | @a978-7-115-47488-9@dCNY99.00 | |
| 099 | @aCAL 012018049488 | |
| 100 | @a20180404d2018 em y0chiy50 ea | |
| 101 | 1 | @achi@ceng |
| 102 | @aCN@b110000 | |
| 105 | @ak z 000yy | |
| 106 | @ar | |
| 200 | 1 | @aPython基础教程@APython Ji Chu Jiao Cheng@d= Beginning Python from novice to professional@f(挪) Magnus Lie Hetland著@g袁国忠译@zeng |
| 205 | @a第3版 | |
| 210 | @a北京@c人民邮电出版社@d2018 | |
| 215 | @a458页@d24cm | |
| 225 | 2 | @a图灵程序设计丛书@ATu Ling Cheng Xu She Ji Cong Shu |
| 305 | @a据原书第3版译出 | |
| 305 | @a本书中文简体字版由Apress L.P.授权人民邮电出版社独家出版 | |
| 314 | @a责任者Hetland汉译姓: 海特兰德取自在版编目 | |
| 330 | @a本书包括Python程序设计的方方面面,首先从Python的安装开始,随后介绍了Python的基础知识和基本概念,然后循序渐进地介绍了一些相对高级的主题,此后探讨了如何将Python与数据库、网络、C语言等工具结合使用,从而发挥出Python的强大功能,同时介绍了Python程序测试、打包、发布等知识。最后介绍了几个具有实际意义的Python项目的开发过程。 | |
| 333 | @a本书适合各个层次的Python开发人员阅读参考。 | |
| 410 | 0 | @12001 @a图灵程序设计丛书 |
| 500 | 10 | @aBeginning Python from novice to professional@mChinese |
| 606 | 0 | @a软件工具@Aruan jian gong ju@x程序设计@j教材 |
| 610 | 0 | @aPython@APython |
| 690 | @aTP311.56@v5 | |
| 690 | @aTP312PY@v5 | |
| 701 | 1 | @a海特兰德@Ahai te lan de@g(Hetland, Magnus Lie)@4著 |
| 702 | 0 | @a袁国忠@AYuan Guo Zhong@4译 |
| 801 | 0 | @aCN@b北京卓展@c20191020 |
| 905 | @b1205483-6@dTP311.56@e1410=3@f4 | |
| Python基础教程= Beginning Python from novice to professional/(挪) Magnus Lie Hetland著/袁国忠译.-第3版.-北京:人民邮电出版社,2018 |
| 458页;24cm.-(图灵程序设计丛书) |
| 使用对象:本书适合各个层次的Python开发人员阅读参考。 |
| ISBN 978-7-115-47488-9:CNY99.00 |
| 本书包括Python程序设计的方方面面,首先从Python的安装开始,随后介绍了Python的基础知识和基本概念,然后循序渐进地介绍了一些相对高级的主题,此后探讨了如何将Python与数据库、网络、C语言等工具结合使用,从而发挥出Python的强大功能,同时介绍了Python程序测试、打包、发布等知识。最后介绍了几个具有实际意义的Python项目的开发过程。 |
| ● |
| 相关链接 |
|
|
|
|
正题名:Python基础教程
索取号:TP311.56/1410=3
 
预约/预借
| 序号 | 登录号 | 条形码 | 馆藏地/架位号 | 状态 | 备注 |
| 1 | 1205483 | 212054836 | 第二样本阅览室/ [索取号:TP311.56/1410=3] | 在馆 | |
| 2 | 1205484 | 212054845 | 第三借阅区/ [索取号:TP311.56/1410=3] | 在馆 | |
| 3 | 1205485 | 212054854 | 第三借阅区/ [索取号:TP311.56/1410=3] | 在馆 | |
| 4 | 1205486 | 212054863 | 第三借阅区/ [索取号:TP311.56/1410=3] | 在馆 |